Responses for show #6411 - Monday, July 2, 2012

Contestants

Taylor Norwood, a high school speech and debate teacher from Dallas, Texas

Misha Bushyager, a culinary student and mom from Baltimore, Maryland

Matt Samberg, an attorney from Pittsburgh, Pennsylvania (whose 1-day cash winnings total $21,400)

Jeopardy! Round responses

ROLLING STONE'S GREATEST GUITARISTS
LITERARY ADJECTIVES
STATE THE NATIONAL PARK
ABBRE-V-ATIONS
NOTABLE HUNGARIANS
MEDICAL TALK
    $200 7
(Jimi) Hendrix

Matt
    $200 13
Freudian

Matt
    $200 14
Arizona

Taylor
    $200 20
Vice Admiral

Matt
    $200 6
Harry Houdini

Taylor
    $200 1
the nose

Matt
    $400 9
George Harrison

Taylor
    $400 15
Faustian

Matt
    $400 16
Washington

Triple Stumper
    $400 21
Virginia

Misha
    $400 8
(Matt: Who is Bartok?)

(Franz) Liszt

MattTaylor
    $400 2
the uterus

Matt
    $600 10
Jimmy Page

Taylor
    $600 18
Byronic

Triple Stumper
    $600 17
Utah

Taylor
    $600 22
Victoria & Albert

Triple Stumper
    $600 28
(Edward) Teller

Matt
    $600 3
swimmer's ear

Misha
    $800 11
Chuck Berry

Taylor
    $800 19
Kafkaesque

Triple Stumper
    $800 26
Arkansas

Taylor
    $800 23
(Matt: What is Venezuela?)

the Vatican

Matt
Triple Stumper
    $800 29
(Eugene) Fodor

Matt
    $800 4
a sty

Matt
    $1,000 12
Eric Clapton

Taylor
    $1000 25
(Misha: What is Marshall?)

Shavian

Misha
Triple Stumper
    $1000 27
California

Triple Stumper
    $1000 24
(Misha: What is vitreous aquea?)

visual acuity

Misha
Triple Stumper
    $1000 30
Michael Curtiz

Triple Stumper
    $1000 5
(Taylor: What is the index finger?)

the thumb

MattTaylor

Scores at the first commercial break (after clue 15):

Matt Misha Taylor
$2,800 $600 $2,600

Scores at the end of the Jeopardy! Round:

Matt Misha Taylor
$3,600 -$1,000 $4,000

Double Jeopardy! Round responses

HARD TIMES
BLEAK HOUSE
OLIVER TWIST
(Alex: Each correct response will be a short word from the letters in "Oliver".)
OUR MUTUAL FIEND
THE QUICK PICK PAPERS
THE CHARLES DICKENS BICENTENNIAL
    $400 16
Great Britain

Taylor
    $400 10
La-Z-Boy

Taylor
    $400 1
roe

Taylor
    $400 21
Cruella de Vil

Taylor
    $400 6
a scratcher

Matt
    $400 26
Ebenezer Scrooge

Taylor
    $800 17
railroads

Matt
    $800 11
kitchen sink

Taylor
    $800 2
vile

Misha
    $800 22
(Capt.) Bligh

Matt
    $800 7
keno

Taylor
    $800 27
literary agent

Misha
    $2,400 18
the Federal Reserve

Matt
    $1200 12
IKEA

Matt
    $1200 3
Leo

Taylor
    $1200 23
Predator

Taylor
    $1200 8
horse racing

Misha
    $1200 28
Westminster Abbey

Taylor
    $1600 19
silver

Matt
    $1600 13
clawfoot

Misha
    $1600 4
role

Misha
    $1600 24
Darth Vader

Matt
    $1600 9
Columbia

Matt
    $1600 29
(Taylor: Who is Oliver Twist?)

David Copperfield

MattTaylor
    $2000 20
mortgage-backed

Matt
    $2000 14
French doors

Misha
    $2000 5
[Misha was originally ruled incorrect, but the judges reversed the decision at the first Daily Double.]

rile (or roil)

Misha
    $2000 25
Ernst Stavro Blofeld

Triple Stumper
    $2000 15
(Horace) Mann

Taylor
    $5,300 30
(Matt: What is Liverpool?)

Portsmouth

Matt

Scores at the end of the Double Jeopardy! Round:

Matt Misha Taylor
$12,300 $9,000 $11,600

[wagering suggestions for these scores]

Final Jeopardy! Round responses

FAMOUS RELATIVES
MishaWho is Stalin?
$9,000
TaylorWho is Stalin?
$11,590
MattWho is Stalin?
$10,901
Joseph Stalin

Final scores:

Matt Misha Taylor
$23,201 $18,000 $23,190
2-day champion: $44,601 3rd place: $1,000 2nd place: $2,000

Game dynamics:

Coryat scores:

Matt Misha Taylor
$16,400 $9,000 $11,600
20 R
(including 1 DD),
3 W
(including 1 DD)
9 R,
2 W
20 R
(including 1 DD),
2 W

Combined Coryat: $37,000

The J! Archive is created by fans, for fans. The Jeopardy! game show and all elements thereof, including but not limited to copyright and trademark thereto, are the property of Jeopardy Productions, Inc. and are protected under law. This website is not affiliated with, sponsored by, or operated by Jeopardy Productions, Inc. Join the discussion at JBoard.tv.